000 00908nam a2200205Ia 4500
003 GCL
008 140319s9999 xx 000 0 ara d
040 _aGCL /
_cGCL
082 0 4 _a031
_bم م
100 1 _aمحمد عماد كفتارو
245 1 0 _aموسوعة بلدان العالم :
_bتجد فيها كل ما تحتاجه عن السكان - الجغرافيا - الحكم - الاقتصاد - المواصلات - الصحة - التعليم - المنظمات الدولية - نبذة تاريخية /
_cمحمد عماد كفتارو
250 _aالاولى
260 _aبيروت :
_bدار الرشيد ،
_c1998
260 _aبيروت :
_bمؤسسة الايمان ،
_c1998
300 _a355 ص ؛
_c26 سم
650 0 4 _aدوائر المعارف
650 0 4 _aدوائر المعارف العربية
650 0 4 _aالعالم - دوائر معارف
942 _2ddc
_cBK
999 _c59716
_d59716